• 首页
  • 本馆介绍
  • 公告通知
  • 最新文献
  • 馆藏检索
  • 电子资源
  • 读者导购
  • 参考咨询
  • 我的图书馆
  • 登录
  • 详细信息显示
  • 放入我的书架
  • 预约/预借图书
  • 作者相关作品
  • 分类相关作品
  • 丛书相关作品
  • 出版社相关作品

书目信息

  • 表格格式
  • 工作单格式
  • 卡片格式
题名:
实用IBM-PC建网技术
    
 
作者: 乔丹 , 邱吉汞 著 ;余秉钧 , 谢启江 译
分册:  
出版信息: 北京   电子工业出版社  1985
页数: 210页
开本: 26cm
丛书名:
单 册:
中图分类: TN913.2 , TN919
科图分类:
主题词: 计算机通信网 , 数据通信-计算机系统 , 计算机系统-数据通信
电子资源:
ISBN:
000 00951nam0 2200325 45
001 0185020275
005 20040514111513.5
010    @dCNY2.45
091    @a15290.175
100    @a19900921d1985 em y0chiy0121 ea
101 1  @achi@ceng
102    @aCN@b110000
105    @ay z 000yy
106    @ar
200 10 @a实用IBM-PC建网技术@Ashi yong IBM-PC jian wang ji shu@f(美)乔丹,(美)邱吉汞著@g余秉钧,谢启江译
210    @a北京@c电子工业出版社@d1985
215    @a210页@d26cm
517 1  @aIBM-PC建网技术@AIBM-PC jian wang ji shu
606    @a计算机通信网
606    @a数据通信-计算机系统
606    @a计算机系统-数据通信
690    @aTN913.2@v3 
690    @aTN919
701  1 @a乔丹@Aqiao dan@bL.E.@4著
701  1 @a邱吉汞@Aqiu ji gong@bC.@4著
702  0 @a余秉钧@Ayu bing jun@4译
702  0 @a谢启江@Axie qi jiang@4译
801  0 @aCN@b深圳图书馆@c20040514
801  2 @aCN@bNLC@c20040514
905    @f4@b151608-611@dTN919@e15
    
    实用IBM-PC建网技术/(美)乔丹,(美)邱吉汞著/余秉钧,谢启江译.-北京:电子工业出版社,1985
    210页;26cm
    
    
    ISBN :CNY2.45
    
●
相关链接 在E读中查询图书 在五车中查询图书 在当当中查询图书 在豆瓣中查询图书


正题名:实用IBM-PC建网技术     索取号:TN919/15         预约/预借

序号 登录号 条形码 馆藏地/架位号 状态 备注
1 0151608   001323507   密集书库/ [索取号:TN919/15] 在馆    
2 0151609   001323473   第三借阅区/ [索取号:TN919/15] 在馆    
3 0151610   001323482   密集书库/ [索取号:TN919/15] 在馆    
4 0151611   001323491   密集书库/ [索取号:TN919/15] 在馆    
5 0151612   001323464   第二样本阅览室/ [索取号:TN919/15] 在馆    
唐山师范学院图书馆 欢迎您!
大连网信软件有限公司© 版权所有